Từ tuyến đầu tổ quốc: Thư từ miền Nam gởi ra

Uloženo v:
Podrobná bibliografie
Médium: Kniha
Jazyk:Undetermined
Vydáno: H. Văn Học 2002
Témata:
Tagy: Přidat tag
Žádné tagy, Buďte první, kdo otaguje tento záznam!
Thư viện lưu trữ: Trung tâm Học liệu Trường Đại học Cần Thơ
LEADER 00456nam a2200157Ia 4500
001 CTU_55463
008 210402s9999 xx 000 0 und d
020 |b 5500 
082 |a 895.9228 
082 |b T550/T3 
245 0 |a Từ tuyến đầu tổ quốc: Thư từ miền Nam gởi ra 
260 |a H. 
260 |b Văn Học 
260 |c 2002 
650 |a vietnamese literature 
980 |a Trung tâm Học liệu Trường Đại học Cần Thơ